000 00309nam a22001457a 4500
008 231127b ||||| |||| 00| 0 eng d
020 _a070057516
041 _aeng
080 _a316
082 _a316BLA
100 _a24
101 _aSOCST
245 _aSOCIAL STATISTICS
_cBLALOCK.M.H
942 _2udc
_cBK
999 _c60541
_d60541